000 00881nam a2200229Ia 4500
003 GCL
008 140319s9999 xx 000 0 ara d
040 _aGCL /
_cGCL
082 0 4 _aد
_b050
_bم م
245 1 0 _aالمستقبل العربى ( مايو 2006 - العدد 327 )
260 _aبيروت :
_bمركز دراسات الوحدة العربية ،
_c2006
650 0 4 _aحقوق الانسان
650 0 4 _aالديمقراطية
650 0 4 _aالثقافة العربية
650 0 4 _aالوحدة العربية
650 0 4 _aالصهيونية
650 0 4 _aصندوق النقد الدولى
650 0 4 _aالولايات المتحدة الامريكية - الاحوال السياسية
650 0 4 _aاللوبى اليهودى
650 0 4 _aالعراق - تاريخ - العصر الحديث - الاحتلال الامريكي
942 _2ddc
_cCR
999 _c8475
_d8475